[Event "6th EUR-ch (w)"]
[Site "Chisinau MDA"]
[Date "2005.06.14"]
[Round "4"]
[White "Velikhanli, Firuza"]
[Black "Skripchenko, Almira"]
[Result "1-0"]
[WhiteElo "2303"]
[BlackElo "2453"]
[EventDate "2005.06.10"]
[PlyCount "124"]

1.e4 c6 2.d4 d5 3.exd5 cxd5 4.c4 Nf6 5.Nc3 e6 6.Nf3 Bb4 7.cxd5 Nxd5 8.Bd2 
Nc6 9.a3 Be7 10.Bc4 O-O 11.Bxd5 exd5 12.h3 Bf6 13.Be3 Be6 14.O-O h6 15.Na4
b6 16.b4 Qd7 17.Nb2 Rfe8 18.Nd3 Bf5 19.Nf4 Be4 20.Nh5 Qf5 21.Nxf6+ Qxf6 
22.Nh2 Re6 23.Re1 Rae8 24.Rc1 Qg6 25.Qg4 Qh7 26.Qd1 Qg6 27.Qg4 Qf6 28.Red1
Qd8 29.Qe2 Rg6 30.f3 Bf5 31.g4 Bd7 32.Qf2 Rge6 33.Nf1 Qe7 34.Rc3 f5 35.Rd2
a6 36.Kg2 Na7 37.gxf5 Rf6 38.Bf4 Bxf5 39.Re3 Qd7 40.Rxe8+ Qxe8 41.Be5 Rg6+
42.Ng3 Nb5 43.Kh2 Qd7 44.Nxf5 Qxf5 45.Qe3 Qb1 46.Bg3 Qc1 47.Qd3 Nxa3 48.
Re2 Qc4 49.Re8+ Kh7 50.Qxc4 Nxc4 51.Ra8 a5 52.bxa5 bxa5 53.Kg2 Rb6 54.Be5 
g5 55.f4 gxf4 56.Bxf4 Kg6 57.Kf3 Rb3+ 58.Kg4 h5+ 59.Kh4 Kf5 60.Bg5 Ke4 61.
Bd8 Kxd4 62.Bxa5 Nd6 1-0

[Event "6th EUR-ch (w)"]
[Site "Chisinau MDA"]
[Date "2005.06.14"]
[Round "4"]
[White "Arakhamia-Grant, Ketevan"]
[Black "Bogza, Adina"]
[Result "1-0"]
[WhiteElo "2452"]
[BlackElo "2297"]
[EventDate "2005.06.10"]
[PlyCount "103"]

1.e4 d6 2.d4 Nf6 3.Nc3 g6 4.Be3 c6 5.Qd2 b5 6.Bd3 Nbd7 7.Nf3 e5 8.h3 Bb7 
9.O-O exd4 10.Bxd4 b4 11.Nd1 c5 12.Bxf6 Qxf6 13.a3 a5 14.axb4 axb4 15.
Rxa8+ Bxa8 16.Bb5 Qe6 17.c3 b3 18.Ne3 Bh6 19.Bc4 Qe7 20.Bxb3 Bf4 21.Bd5 
Bxd5 22.exd5 O-O 23.Re1 Re8 24.Qd1 Qf8 25.Nc4 Nf6 26.g3 Bh6 27.Rxe8 Nxe8 
28.Kg2 Nc7 29.Nh2 f5 30.Qd3 Qe7 31.Nf1 f4 32.g4 Bf8 33.Nfd2 Qf7 34.Nb6 Qe7
35.Qe4 Qf7 36.Nf3 Be7 37.Nc8 Bf8 38.Nb6 h6 39.Nd2 Ne8 40.Nf3 g5 41.b4 cxb4
42.cxb4 Bg7 43.b5 Nf6 44.Qe6 Qxe6 45.dxe6 Kf8 46.Nc8 Ke8 47.Nxd6+ Kd8 48.
b6 Bf8 49.Nc4 Ne4 50.Nd4 Nc5 51.Nc6+ Ke8 52.Kf3 1-0

[Event "6th EUR-ch (w)"]
[Site "Chisinau MDA"]
[Date "2005.06.14"]
[Round "4"]
[White "Nill, Jessica"]
[Black "Peptan, Corina-Isabela"]
[Result "0-1"]
[WhiteElo "2290"]
[BlackElo "2435"]
[EventDate "2005.06.10"]
[PlyCount "82"]

1.d4 Nf6 2.c4 e6 3.Nc3 Bb4 4.e3 b6 5.Ne2 Ne4 6.Qc2 Bb7 7.a3 Bxc3+ 8.Nxc3 
Nxc3 9.Qxc3 O-O 10.Bd3 Qh4 11.Bd2 Bxg2 12.Rg1 Be4 13.O-O-O d6 14.Rg3 Bxd3 
15.Qxd3 f5 16.Rdg1 Rf7 17.f3 Nd7 18.e4 fxe4 19.fxe4 Nf6 20.e5 dxe5 21.dxe5
Ne4 22.Bg5 Nxg5 23.Rxg5 Raf8 24.Kb1 Qxh2 25.R1g2 Qf4 26.Ka2 Re7 27.R2g4 
Qf3 28.Qd4 Qf2 29.Qd3 Qf3 30.Qd4 g6 31.Rg3 Qf4 32.Qd3 Rg7 33.R3g4 Qf1 34.
Qd4 Qf7 35.Qe4 Qf3 36.Qd4 a5 37.Qd2 Rgf7 38.Qh2 Qd3 39.Qh6 Rg7 40.Qh4 Rf3 
41.Rd4 Qb3+ 0-1

[Event "6th EUR-ch (w)"]
[Site "Chisinau MDA"]
[Date "2005.06.14"]
[Round "4"]
[White "Zielinska, Marta"]
[Black "Vozovic, Oksana"]
[Result "0-1"]
[WhiteElo "2419"]
[BlackElo "2288"]
[EventDate "2005.06.10"]
[PlyCount "74"]

1.d4 Nf6 2.Bg5 Ne4 3.Bf4 c5 4.f3 Nf6 5.dxc5 Na6 6.e4 Nxc5 7.Nc3 d6 8.Qd2 
a6 9.e5 dxe5 10.Qxd8+ Kxd8 11.O-O-O+ Ke8 12.Bxe5 Bf5 13.Nge2 h5 14.Nd4 Bg6
15.Ndb5 Ne6 16.Bc4 Rc8 17.Bxe6 fxe6 18.Nc7+ Kf7 19.h4 Bf5 20.Rd4 Rg8 21.
Na4 g6 22.Kb1 Bh6 23.Re1 Rgd8 24.Rxd8 Rxd8 25.Bc3 Bf4 26.g4 hxg4 27.fxg4 
Nxg4 28.Nxe6 Bxe6 29.Nc5 Bc8 30.b4 Bg3 31.Rf1+ Nf6 32.h5 gxh5 33.Ne4 Bh4 
34.Rf4 Bg4 35.Nc5 Rd1+ 36.Kb2 Bg3 37.Rc4 b5 0-1

[Event "6th EUR-ch (w)"]
[Site "Chisinau MDA"]
[Date "2005.06.14"]
[Round "4"]
[White "Schuurman, Petra"]
[Black "Sebag, Marie"]
[Result "1/2-1/2"]
[WhiteElo "2288"]
[BlackElo "2417"]
[EventDate "2005.06.10"]
[PlyCount "116"]

1.d4 d5 2.c4 c6 3.Nc3 Nf6 4.e3 a6 5.Qc2 e6 6.Nf3 c5 7.dxc5 Bxc5 8.a3 O-O 
9.b4 Ba7 10.Bb2 dxc4 11.Bxc4 Nbd7 12.Rd1 b5 13.Bd3 Bb7 14.Ne4 Qe7 15.O-O 
Rac8 16.Qb1 Nd5 17.Qa1 f5 18.Nc3 Bb8 19.Nxd5 Bxd5 20.Rfe1 Bxf3 21.gxf3 Qh4
22.Kf1 Nf6 23.Qa2 Nd5 24.Rc1 Qxh2 25.Rxc8 Rxc8 26.Bxf5 Kf8 27.Be4 Be5 28.
f4 Bxb2 29.Qxb2 Nf6 30.Bg2 Qh4 31.Qd2 Ng4 32.Rd1 Kf7 33.Qb2 Rc7 34.Rd2 h5 
35.Rc2 Rd7 36.Rd2 Rc7 37.Rc2 Qd8 38.Rxc7+ Qxc7 39.Bf3 Nh2+ 40.Kg2 Nxf3 41.
Kxf3 Qc6+ 42.Kg3 Qh1 43.Qe5 Qg1+ 44.Kh3 Qg4+ 45.Kh2 Qf3 46.Kg1 Qg4+ 47.Kh2
h4 48.Qc7+ Kg6 49.Qe5 h3 50.Qg5+ Qxg5 51.fxg5 Kxg5 52.Kxh3 Kf5 53.f3 e5 
54.Kh4 g5+ 55.Kg3 e4 56.f4 gxf4+ 57.exf4 Kf6 58.Kf2 Ke6 1/2-1/2

[Event "6th EUR-ch (w)"]
[Site "Chisinau MDA"]
[Date "2005.06.14"]
[Round "4"]
[White "Mamedyarova, Zeinab"]
[Black "Danielian, Elina"]
[Result "0-1"]
[WhiteElo "2286"]
[BlackElo "2415"]
[EventDate "2005.06.10"]
[PlyCount "62"]

1.d4 d5 2.Nf3 Nf6 3.c4 dxc4 4.e3 e6 5.Bxc4 a6 6.O-O c5 7.Bd3 Nc6 8.b3 cxd4
9.exd4 Be7 10.Bb2 Nb4 11.Be2 b6 12.Ne5 Bb7 13.a3 Nbd5 14.Bf3 O-O 15.Nd2 
Rc8 16.Re1 Rc7 17.Ndc4 h6 18.b4 Nh7 19.Rc1 Ng5 20.Bxd5 Bxd5 21.Ne3 Rxc1 
22.Qxc1 Bf6 23.Nxd5 Qxd5 24.Qc7 Bxe5 25.dxe5 b5 26.Bc1 Qd3 27.Bxg5 hxg5 
28.Qc1 Rd8 29.Qxg5 Rd4 30.Qe7 Qe2 31.Rf1 Rd1 0-1

[Event "6th EUR-ch (w)"]
[Site "Chisinau MDA"]
[Date "2005.06.14"]
[Round "4"]
[White "Foisor, Cristina"]
[Black "Ptacnikova, Lenka"]
[Result "1-0"]
[WhiteElo "2406"]
[BlackElo "2277"]
[EventDate "2005.06.10"]
[PlyCount "105"]

1.d4 Nf6 2.c4 e6 3.Nf3 Bb4+ 4.Nbd2 d5 5.Qa4+ Nc6 6.a3 Bxd2+ 7.Bxd2 Ne4 8.
Qc2 Nxd2 9.Qxd2 O-O 10.e3 Qf6 11.Rc1 Rd8 12.Qc3 Ne7 13.Ne5 c6 14.c5 Ng6 
15.f4 Nf8 16.Bd3 Qh4+ 17.g3 Qe7 18.O-O f6 19.Nf3 Bd7 20.e4 dxe4 21.Bxe4 
Be8 22.Rfe1 Qd7 23.Rcd1 Bg6 24.Bxg6 hxg6 25.Rd3 Qd5 26.Nd2 g5 27.fxg5 Qxg5
28.Ne4 Qd5 29.Nd6 b6 30.b4 Rd7 31.Qb3 Qxb3 32.Rxb3 b5 33.a4 bxa4 34.Ra3 
Rb8 35.Rxa4 Kh7 36.Kf2 Ng6 37.Rxe6 Ne7 38.Re3 Nd5 39.Rb3 Kg6 40.h4 a5 41.
b5 cxb5 42.Rxb5 Rxb5 43.Nxb5 Nb4 44.Rxa5 Nc6 45.Ra4 Rd5 46.Ke3 Nxd4 47.
Nxd4 Rxc5 48.g4 Rc7 49.Kf4 Rb7 50.Nf5 Rc7 51.Re4 Kf7 52.h5 Ra7 53.Rb4 1-0

[Event "6th EUR-ch (w)"]
[Site "Chisinau MDA"]
[Date "2005.06.14"]
[Round "4"]
[White "Korbut, Ekaterina"]
[Black "Andriasian, Siranush"]
[Result "1-0"]
[WhiteElo "2399"]
[BlackElo "2263"]
[EventDate "2005.06.10"]
[PlyCount "47"]

1.e4 c5 2.Nf3 e6 3.d4 cxd4 4.Nxd4 Nc6 5.Nc3 Qc7 6.a3 a6 7.Be3 Nf6 8.f4 
Nxd4 9.Bxd4 Qxf4 10.g3 Qc7 11.e5 Nd5 12.Ne4 b5 13.Bg2 Be7 14.O-O Bb7 15.
Qg4 O-O 16.Nf6+ Kh8 17.b4 Qxc2 18.Bxd5 Bxd5 19.Nxd5 exd5 20.Qxd7 Qe4 21.
Rf4 Qd3 22.Qxe7 Rae8 23.Qg5 Rc8 24.Rg4 1-0

[Event "6th EUR-ch (w)"]
[Site "Chisinau MDA"]
[Date "2005.06.14"]
[Round "4"]
[White "Chulivska, Vita"]
[Black "Collas, Silvia"]
[Result "1/2-1/2"]
[WhiteElo "2262"]
[BlackElo "2381"]
[EventDate "2005.06.10"]
[PlyCount "60"]

1.e4 c5 2.b4 cxb4 3.a3 d5 4.exd5 Qxd5 5.Nf3 e6 6.axb4 Bxb4 7.Na3 Nc6 8.Bb2
Nf6 9.Bd3 Qd8 10.O-O Bd7 11.Nc4 Be7 12.Re1 Nb4 13.Bf1 O-O 14.Nce5 Be8 15.
c3 Nc6 16.Bd3 Nxe5 17.Nxe5 b5 18.Qe2 a5 19.Reb1 Rb8 20.Bc2 Qc7 21.c4 Bb4 
22.Ng4 Nxg4 23.Qxg4 f5 24.Qe2 Qxc4 25.Qe5 Rb7 26.Bc3 Bxc3 27.dxc3 Qd5 28.
Qxd5 exd5 29.Rxa5 Rc7 30.Bb3 Rxc3 1/2-1/2

[Event "6th EUR-ch (w)"]
[Site "Chisinau MDA"]
[Date "2005.06.14"]
[Round "4"]
[White "Czarnota, Dorota"]
[Black "Ciuksyte, Dagne"]
[Result "0-1"]
[WhiteElo "2244"]
[BlackElo "2356"]
[EventDate "2005.06.10"]
[PlyCount "70"]

1.e4 c5 2.Nf3 e6 3.d4 cxd4 4.Nxd4 a6 5.Nc3 b5 6.Bd3 Qb6 7.Nf3 Nc6 8.O-O 
Nge7 9.Qe2 Ng6 10.e5 Qc7 11.Re1 Bb7 12.h4 b4 13.Na4 d6 14.exd6 Bxd6 15.b3 
O-O 16.Ng5 Nd4 17.Qh5 h6 18.Ne4 Be7 19.Nac5 Bd5 20.Be3 Nf5 21.Na4 Nxe3 22.
Rxe3 Nf4 23.Qd1 Bxh4 24.g3 Nxd3 25.gxh4 Ne5 26.Qh5 f5 27.Nec5 Ng4 28.Rg3 
Kh7 29.Rxg4 fxg4 30.Qxg4 Rf6 31.Qd4 Raf8 32.Qd3+ Rg6+ 33.Kf1 Qf4 34.f3 Qh2
35.Ke1 Rxf3 0-1

[Event "6th EUR-ch (w)"]
[Site "Chisinau MDA"]
[Date "2005.06.14"]
[Round "4"]
[White "Pogonina, Natalia"]
[Black "Bensdorp, Marlies"]
[Result "1/2-1/2"]
[WhiteElo "2355"]
[BlackElo "2232"]
[EventDate "2005.06.10"]
[PlyCount "158"]

1.e4 e6 2.d4 d5 3.Nd2 Nf6 4.e5 Nfd7 5.Bd3 c5 6.c3 Nc6 7.Ne2 cxd4 8.cxd4 f6
9.exf6 Nxf6 10.O-O Bd6 11.Nf3 Qc7 12.Bg5 O-O 13.Bh4 Nh5 14.Qc2 h6 15.Bh7+ 
Kh8 16.Bg6 Rxf3 17.Bxh5 Rf8 18.Bg3 Bd7 19.Rad1 Rf6 20.Qd2 Be8 21.Bg4 Bf7 
22.Nc3 a6 23.Rfe1 Rf8 24.Re2 Bxg3 25.hxg3 Qd6 26.a3 Re8 27.Bf3 g5 28.Rde1 
Rg8 29.Re3 b5 30.b4 Ne7 31.Bd1 Qb6 32.Rf3 Rxf3 33.Bxf3 Nf5 34.Rd1 Rc8 35.
Bg4 Qxd4 36.Qxd4+ Nxd4 37.Nxd5 Nb3 38.Nb6 Rc6 39.Nd7 Kg7 40.Ne5 Rc1 41.
Rxc1 Nxc1 42.Bf3 Nb3 43.Nd3 Kf6 44.Bd1 Nd2 45.Nc5 Nb1 46.a4 bxa4 47.Bxa4 
Nc3 48.Bb3 Ke7 49.Nxa6 Kd6 50.Kf1 Be8 51.Ke1 Bc6 52.f3 Bd5 53.Bxd5 Kxd5 
54.Kd2 Kc4 55.Ke3 e5 56.Nc5 Kxb4 57.Nd3+ Kc4 58.Nxe5+ Kd5 59.Nf7 Ke6 60.
Nxh6 Nd5+ 61.Kd4 Nf6 62.g4 Nd7 63.Nf5 Ne5 64.Ng3 Nf7 65.Ne4 Ke7 66.Kd5 Kd7
67.g3 Ke7 68.f4 gxf4 69.gxf4 Nh6 70.g5 Ng4 71.f5 Kf7 72.f6 Ne3+ 73.Ke5 
Nc4+ 74.Kd4 Nb6 75.Ke5 Nc4+ 76.Kf4 Kg6 77.Nf2 Nb6 78.Nh3 Nd7 79.Kg4 Nxf6+ 
1/2-1/2

[Event "6th EUR-ch (w)"]
[Site "Chisinau MDA"]
[Date "2005.06.14"]
[Round "4"]
[White "Gheorghe, Corina"]
[Black "Ushenina, Anna"]
[Result "0-1"]
[WhiteElo "2234"]
[BlackElo "2350"]
[EventDate "2005.06.10"]
[PlyCount "56"]

1.e4 c5 2.Nf3 Nc6 3.d4 cxd4 4.Nxd4 Qb6 5.Nf3 e6 6.Bd3 Nge7 7.Nc3 Ng6 8.O-O
Be7 9.Qe2 d6 10.Be3 Qc7 11.Ne1 O-O 12.f4 Bf6 13.Nb5 Qb8 14.c3 e5 15.f5 Nf4
16.Qd2 a6 17.Na3 Nxd3 18.Qxd3 b5 19.Rd1 Rd8 20.c4 bxc4 21.Nxc4 a5 22.Rf2 
Ba6 23.Qc3 Nd4 24.Nc2 d5 25.exd5 Rxd5 26.Nxd4 exd4 27.Bxd4 Rxd4 28.Rxd4 
Qa7 0-1

[Event "6th EUR-ch (w)"]
[Site "Chisinau MDA"]
[Date "2005.06.14"]
[Round "4"]
[White "Srebrnic, Ana"]
[Black "Stepovaya, Tatiana"]
[Result "0-1"]
[WhiteElo "2221"]
[BlackElo "2348"]
[EventDate "2005.06.10"]
[PlyCount "62"]

1.d4 f5 2.Nf3 Nf6 3.g3 g6 4.Bg2 Bg7 5.O-O O-O 6.c4 d6 7.Nc3 Qe8 8.d5 a5 9.
Nd4 Na6 10.Rb1 Bd7 11.b3 c6 12.Na4 c5 13.Ne6 Bxe6 14.dxe6 Rb8 15.Bb2 b6 
16.Nc3 Nc7 17.Bd5 Qc8 18.Qd3 Nxe6 19.Qe3 Nxd5 20.cxd5 Nd4 21.Qxe7 Re8 22.
Qg5 b5 23.Kg2 b4 24.Nd1 Qb7 25.Ne3 Qf7 26.Rfd1 Nxe2 27.Bxg7 Kxg7 28.Nc4 
Nd4 29.Ne3 Re4 30.g4 h6 31.Qh4 f4 0-1

[Event "6th EUR-ch (w)"]
[Site "Chisinau MDA"]
[Date "2005.06.14"]
[Round "4"]
[White "Demina, Yulia"]
[Black "Rudolf, Anna"]
[Result "1-0"]
[WhiteElo "2346"]
[BlackElo "2210"]
[EventDate "2005.06.10"]
[PlyCount "101"]

1.Nf3 b6 2.g3 Bb7 3.Bg2 c5 4.c4 Nf6 5.O-O e6 6.Nc3 Be7 7.Re1 d6 8.e4 a6 9.
d4 cxd4 10.Nxd4 Qc7 11.Be3 Nbd7 12.f4 O-O 13.Rc1 Rfe8 14.g4 Nf8 15.g5 N6d7
16.b3 Rac8 17.Qh5 Qb8 18.f5 e5 19.Nde2 b5 20.cxb5 axb5 21.Nxb5 Nc5 22.f6 
Bd8 23.Rf1 Bxe4 24.Bxe4 Nxe4 25.Rxc8 Qxc8 26.fxg7 Ng6 27.Qf3 Qd7 28.Qxe4 
Qxb5 29.Ng3 d5 30.Qf3 Qd7 31.Nf5 d4 32.Bc1 Qe6 33.Qe4 Re7 34.Nxe7+ Bxe7 
35.Rf3 Kxg7 36.a4 Bb4 37.h4 Ne7 38.h5 Qd5 39.h6+ Kg8 40.Qxd5 Nxd5 41.Rf5 
Bd6 42.a5 f6 43.gxf6 Kf7 44.a6 Ke6 45.a7 Nc7 46.Rg5 Bf8 47.Rg8 Kf7 48.Rh8 
Na8 49.Rxh7+ Kxf6 50.Rh8 Kf7 51.h7 1-0

[Event "6th EUR-ch (w)"]
[Site "Chisinau MDA"]
[Date "2005.06.14"]
[Round "4"]
[White "Slavina, Irina"]
[Black "Lazo, Xenia"]
[Result "1-0"]
[WhiteElo "2415"]
[BlackElo "2001"]
[EventDate "2005.06.10"]
[PlyCount "117"]

1.d4 d5 2.c4 c6 3.Nc3 Nf6 4.e3 a6 5.Qc2 g6 6.Bd3 Bg7 7.Nf3 O-O 8.O-O b5 9.
b3 Nbd7 10.Rd1 Bb7 11.Bb2 Qb8 12.Rab1 Rc8 13.Qe2 Ne8 14.e4 e6 15.c5 dxe4 
16.Nxe4 Ndf6 17.Ne5 Qc7 18.Ng5 Nd5 19.Ngxf7 Qe7 20.g3 a5 21.a3 Rc7 22.h4 
Bxe5 23.Nxe5 Ng7 24.Re1 Rf8 25.Be4 Nf6 26.Bg2 Nf5 27.Rbd1 Rd8 28.Nf3 Bc8 
29.Bc3 b4 30.axb4 Nd5 31.Bd2 axb4 32.Bg5 Nf6 33.g4 Ng7 34.Ne5 Bb7 35.Bxc6 
Bxc6 36.Nxc6 Rxc6 37.Qf3 Rd5 38.Qxf6 Qd7 39.Bh6 Qf7 40.Qxf7+ Kxf7 41.Be3 
Ne8 42.Ra1 Rd7 43.Ra4 Rb7 44.Bd2 Nf6 45.Rxb4 Rxb4 46.Bxb4 Nxg4 47.Ra1 Kf6 
48.Ra7 h5 49.Bc3 e5 50.f3 Ne3 51.f4 Kf5 52.fxe5 Kg4 53.b4 Rc8 54.e6 Nd5 
55.Bd2 Kxh4 56.b5 g5 57.b6 g4 58.b7 Rf8 59.Ra8 1-0

[Event "6th EUR-ch (w)"]
[Site "Chisinau MDA"]
[Date "2005.06.14"]
[Round "4"]
[White "Tarasova, Viktoria"]
[Black "Sedina, Elena"]
[Result "1/2-1/2"]
[WhiteElo "2268"]
[BlackElo "2422"]
[EventDate "2005.06.10"]
[PlyCount "23"]

1.c4 e5 2.Nc3 Nf6 3.g3 Bb4 4.Bg2 Bxc3 5.bxc3 O-O 6.e4 Re8 7.Ne2 c6 8.Qb3 
Na6 9.Ba3 b6 10.d3 Nc5 11.Bxc5 bxc5 12.O-O 1/2-1/2

[Event "6th EUR-ch (w)"]
[Site "Chisinau MDA"]
[Date "2005.06.14"]
[Round "4"]
[White "Guseva, Marina"]
[Black "Jackova, Jana"]
[Result "1-0"]
[WhiteElo "2264"]
[BlackElo "2406"]
[EventDate "2005.06.10"]
[PlyCount "49"]

1.d4 d5 2.c4 dxc4 3.e4 e5 4.Nf3 exd4 5.Bxc4 Nc6 6.O-O Be6 7.Bb5 Bc5 8.Nbd2
Ne7 9.Ng5 Qd6 10.Nxe6 Qxe6 11.Nb3 Qd6 12.Bf4 Qxf4 13.Nxc5 O-O 14.Rc1 Rfb8 
15.g3 Qd6 16.f4 b6 17.Na6 Rb7 18.e5 Qd5 19.Qa4 Nxe5 20.fxe5 c5 21.Bc4 Qxe5
22.Rce1 Qg5 23.Rxf7 Kh8 24.Qd1 b5 25.Qf3 1-0

[Event "6th EUR-ch (w)"]
[Site "Chisinau MDA"]
[Date "2005.06.14"]
[Round "4"]
[White "Zakurdyaeva, Irina"]
[Black "Repkova, Eva"]
[Result "1-0"]
[WhiteElo "2260"]
[BlackElo "2392"]
[EventDate "2005.06.10"]
[PlyCount "97"]

1.e4 d5 2.exd5 Qxd5 3.Nc3 Qa5 4.d4 c6 5.Nf3 Nf6 6.Bc4 Bf5 7.Bd2 e6 8.Ne4 
Qc7 9.Nxf6+ gxf6 10.Qe2 Nd7 11.O-O-O Nb6 12.Nh4 Nxc4 13.Qxc4 Be4 14.Qe2 
Bg6 15.f4 O-O-O 16.f5 exf5 17.g3 Bd6 18.Qf3 Qd7 19.Rhe1 Bc7 20.Bf4 Bxf4+ 
21.gxf4 Qd5 22.Qxd5 Rxd5 23.c4 Rd7 24.Kc2 Rhd8 25.Kc3 c5 26.d5 Kc7 27.b4 
cxb4+ 28.Kxb4 a5+ 29.Kb5 b6 30.Rd3 Kd6 31.Nf3 Rc7 32.Nd2 Rc5+ 33.Ka4 Bh5 
34.Rh3 Bg4 35.Rh6 b5+ 36.cxb5 Rc2 37.Rxf6+ Kxd5 38.Re5+ Kd4 39.Nb3+ Kd3 
40.Kxa5 Rxa2+ 41.Kb6 Raa8 42.Nc5+ Kd4 43.Rxf7 Kc4 44.Na6 Rd6+ 45.Ka5 h5 
46.Rc7+ Kd4 47.Kb4 Bd1 48.Rc1 Bf3 49.Rc4+ 1-0

[Event "6th EUR-ch (w)"]
[Site "Chisinau MDA"]
[Date "2005.06.14"]
[Round "4"]
[White "Matnadze, Ana"]
[Black "Calzetta Ruiz, Monica"]
[Result "1-0"]
[WhiteElo "2376"]
[BlackElo "2254"]
[EventDate "2005.06.10"]
[PlyCount "79"]

1.d4 Nf6 2.c4 c5 3.d5 b5 4.cxb5 a6 5.f3 axb5 6.e4 Qa5+ 7.Bd2 Qb6 8.Nc3 b4 
9.Na4 Qa7 10.Nxc5 e6 11.Nd3 Na6 12.d6 Bb7 13.Rc1 Bxe4 14.fxe4 Nxe4 15.Bf4 
Bxd6 16.Bxd6 Nxd6 17.Nf2 Nf5 18.Bd3 Ne3 19.Qf3 b3 20.a3 O-O 21.Ngh3 f5 22.
Ke2 Nd5 23.Rc4 Nc5 24.Rhc1 Na4 25.Nd1 f4 26.Ng5 h6 27.Ne4 Nab6 28.Rc5 Na4 
29.R5c4 Nab6 30.Rc5 Na4 31.Rb5 Nxb2 32.Nxb2 Qxa3 33.Rb1 Rac8 34.Nd1 Nb4 
35.Nd2 Nxd3 36.Qxd3 f3+ 37.gxf3 Qe7 38.R1xb3 Qh4 39.Qd6 Rc2 40.Rb8 1-0

[Event "6th EUR-ch (w)"]
[Site "Chisinau MDA"]
[Date "2005.06.14"]
[Round "4"]
[White "Fakhiridou, Ekaterini"]
[Black "Goreskul, Alyona"]
[Result "1/2-1/2"]
[WhiteElo "2247"]
[BlackElo "2323"]
[EventDate "2005.06.10"]
[PlyCount "48"]

1.e4 e5 2.Nf3 Nf6 3.Nxe5 d6 4.Nf3 Nxe4 5.Nc3 Nxc3 6.dxc3 Be7 7.Bf4 O-O 8.
Qd2 Nd7 9.O-O-O Nc5 10.Be3 Re8 11.Kb1 Ne4 12.Qc1 Bf6 13.Nd2 Bd7 14.Bd3 Bc6
15.Nxe4 Bxe4 16.Bxe4 Rxe4 17.Qd2 Re6 18.Rhe1 Qd7 19.Bd4 Rae8 20.Bxf6 Rxf6 
21.Rxe8+ Qxe8 22.Re1 Re6 23.Rxe6 Qxe6 24.b3 Qe5 1/2-1/2

[Event "6th EUR-ch (w)"]
[Site "Chisinau MDA"]
[Date "2005.06.14"]
[Round "4"]
[White "Kochetkova, Yulia"]
[Black "Hamelink, Desiree"]
[Result "1-0"]
[WhiteElo "2311"]
[BlackElo "2244"]
[EventDate "2005.06.10"]
[PlyCount "91"]

1.e4 c5 2.Nf3 d6 3.d4 cxd4 4.Nxd4 Nf6 5.Nc3 a6 6.Bg5 e6 7.f4 Nbd7 8.Qf3 
Qc7 9.O-O-O b5 10.Bd3 Bb7 11.Rhe1 Qb6 12.Nd5 Qxd4 13.Bxb5 Qc5 14.b4 Qxb5 
15.Nc7+ Kd8 16.Nxb5 axb5 17.Qb3 Be7 18.Bxf6 Nxf6 19.e5 Bd5 20.exf6 Bxb3 
21.fxe7+ Kxe7 22.axb3 h5 23.Kb2 h4 24.Re3 Rh5 25.c4 Rf5 26.Rd4 g5 27.Rf3 
g4 28.Rfd3 Rd8 29.Rd2 Rd7 30.Kc3 f6 31.Re2 d5 32.c5 Ra7 33.g3 hxg3 34.hxg3
Rh5 35.Rdd2 Rh3 36.Re3 Rd7 37.Kd4 Ra7 38.Rde2 Kf7 39.c6 e5+ 40.fxe5 fxe5+ 
41.Kxd5 e4 42.Kxe4 Rh5 43.Kd4 Rc7 44.Rf2+ Kg7 45.Re6 Rh1 46.Kc5 1-0

[Event "6th EUR-ch (w)"]
[Site "Chisinau MDA"]
[Date "2005.06.14"]
[Round "4"]
[White "Dragomirescu, Angela"]
[Black "Purtseladze, Maka"]
[Result "0-1"]
[WhiteElo "2241"]
[BlackElo "2311"]
[EventDate "2005.06.10"]
[PlyCount "132"]

1.d4 Nf6 2.c4 e6 3.g3 Bb4+ 4.Bd2 Be7 5.Bg2 d5 6.Nf3 c6 7.Qc2 b6 8.O-O Ba6 
9.b3 Nbd7 10.Bf4 Rc8 11.Rd1 O-O 12.Nc3 Qe8 13.e4 dxc4 14.Nd2 e5 15.dxe5 
Ng4 16.h3 Ngxe5 17.Nxc4 Bxc4 18.bxc4 Nxc4 19.Ne2 b5 20.Nd4 Bf6 21.Rac1 
Nde5 22.Bf1 Rd8 23.Bxe5 Bxe5 24.Nf3 Rxd1 25.Rxd1 Na5 26.Qc5 Bb8 27.e5 Nb7 
28.Qe3 c5 29.Bd3 g6 30.Be4 Nd8 31.Qxc5 Ne6 32.Qb4 Bc7 33.Rc1 a5 34.Qd2 Qb8
35.Qc3 b4 36.Qb2 Rd8 37.h4 Bb6 38.Kg2 Bd4 39.Nxd4 Rxd4 40.Bf3 Qxe5 41.Rc8+
Kg7 42.Ra8 Rd5 43.Qxe5+ Rxe5 44.Bd1 Nd4 45.Rd8 Ne2 46.Bb3 Nc1 47.Rd7 Nxb3 
48.axb3 Kf6 49.Ra7 Ke6 50.Ra6+ Kf5 51.Ra7 Ke4 52.Rxf7 Kd3 53.Rxh7 Kc3 54.
f4 Rb5 55.g4 Kxb3 56.h5 gxh5 57.Rxh5 Kc4 58.Rxb5 Kxb5 59.g5 b3 60.g6 b2 
61.g7 b1=Q 62.g8=Q Qe4+ 63.Kg3 Qe3+ 64.Kg2 Qxf4 65.Qe8+ Kb4 66.Qe7+ Kb3 
0-1

[Event "6th EUR-ch (w)"]
[Site "Chisinau MDA"]
[Date "2005.06.14"]
[Round "4"]
[White "Mirzoeva, Elmira"]
[Black "Rohonyan, Kateryna"]
[Result "0-1"]
[WhiteElo "2232"]
[BlackElo "2309"]
[EventDate "2005.06.10"]
[PlyCount "134"]

1.e4 c5 2.b3 Nc6 3.Bb2 d6 4.Bb5 Bd7 5.Nf3 a6 6.Bxc6 Bxc6 7.Qe2 e5 8.c3 Qe7
9.O-O Nf6 10.d3 g6 11.Nbd2 Bg7 12.Rfe1 O-O 13.d4 exd4 14.cxd4 Rfe8 15.dxc5
dxc5 16.Ne5 Bb5 17.Ndc4 Qc7 18.f4 Bxc4 19.bxc4 Rad8 20.Rad1 Rxd1 21.Rxd1 
Rd8 22.Rxd8+ Qxd8 23.Nd3 b6 24.e5 Ne8 25.Qe4 Nc7 26.h3 Qd7 27.Kh2 h5 28.
Bc3 Ne6 29.Qd5 Qa4 30.Be1 Qxa2 31.Bh4 Qd2 32.Bf6 Nxf4 33.Nxf4 Qxf4+ 34.Kh1
Bxf6 35.exf6 Qxf6 36.Qa8+ Kg7 37.Qxa6 Qc3 38.Qb5 Qb4 39.Qa6 Kf6 40.Qa1+ 
Ke6 41.Qa6 Qe1+ 42.Kh2 Qe5+ 43.Kh1 Qd6 44.Qc8+ Ke5 45.Qh8+ Qf6 46.Qa8 Qf1+
47.Kh2 Qxc4 48.Qb8+ Ke4 49.Qe8+ Qe6 50.Qa4+ c4 51.Qc2+ Kd5 52.Qd2+ Kc6 53.
Qc2 b5 54.Qc3 Qd5 55.Qa5 Kd7 56.Kh1 Ke7 57.Qb4+ Kf6 58.Qc3+ Qe5 59.Qf3+ 
Kg7 60.Qc6 c3 61.Qc8 b4 62.Qc4 Qd6 63.Qb3 Qd4 64.Kh2 Qf4+ 65.Kh1 Qc1+ 66.
Kh2 Qb2 67.Qd5 c2 0-1

[Event "6th EUR-ch (w)"]
[Site "Chisinau MDA"]
[Date "2005.06.14"]
[Round "4"]
[White "Smochina, Carolina"]
[Black "Dolzhikova, Kateryna"]
[Result "1/2-1/2"]
[WhiteElo "2307"]
[BlackElo "2232"]
[EventDate "2005.06.10"]
[PlyCount "45"]

1.c4 e6 2.Nf3 d5 3.e3 Nf6 4.b3 Be7 5.Bb2 O-O 6.Qc2 b6 7.Be2 Bb7 8.O-O Nbd7
9.cxd5 exd5 10.Nd4 Nc5 11.Nf5 Ne6 12.d4 Re8 13.Nxe7+ Qxe7 14.Nd2 c5 15.Nf3
Rac8 16.Ba3 Rc7 17.Qb2 Ne4 18.Rac1 Qd8 19.Rfd1 Qc8 20.dxc5 bxc5 21.Bb5 Rd8
22.Qe2 f6 23.Bb2 1/2-1/2

[Event "6th EUR-ch (w)"]
[Site "Chisinau MDA"]
[Date "2005.06.14"]
[Round "4"]
[White "Melnikova, Yana"]
[Black "Alexanian, Nelli"]
[Result "1-0"]
[WhiteElo "2301"]
[BlackElo "2211"]
[EventDate "2005.06.10"]
[PlyCount "67"]

1.e4 e6 2.d4 d5 3.Nd2 Nf6 4.e5 Nfd7 5.f4 c5 6.c3 Nc6 7.Ndf3 Qb6 8.h4 cxd4 
9.cxd4 Be7 10.h5 f6 11.Bd3 Nf8 12.Ne2 Bd7 13.a3 O-O-O 14.b4 h6 15.Bd2 a6 
16.Rb1 Kb8 17.Kf2 fxe5 18.fxe5 Nh7 19.b5 axb5 20.Rxb5 Qa7 21.Qb3 Rdf8 22.
Rb1 Bc8 23.Rb6 Nxd4 24.Nxd4 Bc5 25.Be3 Bxb6 26.Nc6+ bxc6 27.Bxb6 Qa8 28.
Bc5+ Bb7 29.Bxh7 Rf7 30.Bg6 Rd7 31.Nd4 Kc8 32.Nxe6 Qa5 33.Qb4 Qa6 34.Nf8 
1-0

[Event "6th EUR-ch (w)"]
[Site "Chisinau MDA"]
[Date "2005.06.14"]
[Round "4"]
[White "Foisor, Sabina-Francesca"]
[Black "Malysheva, Polina"]
[Result "0-1"]
[WhiteElo "2210"]
[BlackElo "2301"]
[EventDate "2005.06.10"]
[PlyCount "148"]

1.d4 Nf6 2.c4 e6 3.Nc3 Bb4 4.Qc2 O-O 5.Nf3 c5 6.dxc5 Na6 7.Bd2 Nxc5 8.a3 
Bxc3 9.Bxc3 d6 10.Ng5 e5 11.Rd1 Qe7 12.e3 Bd7 13.b3 Bc6 14.f3 h6 15.Nh3 
Rab8 16.Nf2 Rfc8 17.Bb4 b6 18.e4 Nh5 19.Bd2 Ne6 20.Be3 Rf8 21.Qd2 Rbd8 22.
Bd3 Nef4 23.O-O Qg5 24.Ng4 Qg6 25.Bc2 Bb7 26.Qf2 Bc8 27.Qh4 f5 28.exf5 
Bxf5 29.Bxf5 Qxf5 30.Rd2 Ng6 31.Qf2 Nf6 32.Nxf6+ Qxf6 33.Rfd1 Ne7 34.a4 
Qe6 35.Qe2 Rd7 36.Rd3 Nf5 37.Bf2 Qg6 38.Qe4 Kh8 39.Rd5 Qe6 40.b4 Ne7 41.
R5d3 Rc8 42.c5 bxc5 43.Bxc5 d5 44.Qe2 Ng6 45.Be3 Rc4 46.b5 d4 47.Bd2 Qd5 
48.a5 Qxb5 49.Qe4 Rc6 50.f4 Qa4 51.Re1 Nf8 52.fxe5 Ne6 53.Rh3 Qc2 54.Qxc2 
Rxc2 55.Bxh6 Kg8 56.Rg3 Kh7 57.Bc1 Rd5 58.a6 Ra5 59.Rb3 Ra1 60.Rb7 Raxc1 
61.Rxc1 Rxc1+ 62.Kf2 Rc7 63.Kf3 Kg6 64.g4 Rf7+ 65.Ke2 Nc5 66.Rb4 d3+ 67.
Ke3 Rd7 68.Kd2 Rd5 69.e6 Re5 70.Rb8 Rxe6 71.Rc8 Re2+ 72.Kd1 Ne4 73.Rd8 
Nc3+ 74.Kc1 Rc2# 0-1

[Event "6th EUR-ch (w)"]
[Site "Chisinau MDA"]
[Date "2005.06.14"]
[Round "4"]
[White "Hryhorenko, Natalia"]
[Black "Baskite, Viktoria"]
[Result "1-0"]
[WhiteElo "2294"]
[BlackElo "2205"]
[EventDate "2005.06.10"]
[PlyCount "59"]

1.d4 d5 2.Nf3 Nf6 3.c4 c6 4.g3 Bg4 5.Bg2 Bxf3 6.Bxf3 Nbd7 7.O-O e6 8.Nd2 
Qb6 9.e4 Qxd4 10.cxd5 cxd5 11.exd5 Nxd5 12.Qe2 Be7 13.Nb3 Qe5 14.Qb5 Rb8 
15.Rd1 Nb6 16.Qd3 Bg5 17.Bxg5 Qxg5 18.Be4 f5 19.Bg2 O-O 20.a4 Ne5 21.Qe2 
Qf6 22.f4 Nc6 23.a5 Nd5 24.Nc5 Qe7 25.Qxe6+ Qxe6 26.Nxe6 Ne3 27.Nxf8 Nxd1 
28.Nd7 Nxb2 29.Nxb8 Nxb8 30.Rb1 1-0